Normal view
MARC view
- الترتوري، محمد عوض / م مشارك اغادير عرفات جويحان
Entry Personal Name
001 - CONTROL NUMBER
- control field: 29944
003 - CONTROL NUMBER IDENTIFIER
- control field: JO-AjAnu
005 - DATE AND TIME OF LATEST TRANSACTION
- control field: 20230606075046.0
008 - FIXED-LENGTH DATA ELEMENTS
- fixed length control field: 230606|| aca||aabn | a|a d
040 ## - CATALOGING SOURCE
- Original cataloging agency: JO-AjAnu
- Transcribing agency: JO-AjAnu
100 ## - HEADING--PERSONAL NAME
- Personal name: الترتوري، محمد عوض / م مشارك اغادير عرفات جويحان
670 ## - SOURCE DATA FOUND
- Source citation: Work cat.: (JO-AjAnu)15377: الترتوري، محمد عوض / م مشارك اغادير عرفات جويحان , author, ادارة الجودة الشاملة في مؤسسات التعليم العالي والمكتبات ومراكز المعلومات